00642nam a22001937a 4500008004100000040001800041041000800059100003100067245011400098260004100212300001800253500008300271610002300354650001000377650001700387650001300404650001500417650001600432130821s1968 ck gr spa  aCo-BoUCMbspa00aspa aBotero Restrepo, Guillermo00aCartas de un vicariobun aporte pacífico a la revolución cristiana en ColombiacGuillermo Botero Restrepo aCali (Valle, Colombia)bFerivac1968 a342 páginas aIncluye índice. -- Este libro se encuentra en el depósito de la biblioteca aIglesia Católica04aClero04aCristianismo04aLiturgia04aReligiosas04aSacramentos